| 000 | 00690nam a2200229 a 4500 | ||
|---|---|---|---|
| 001 | 41147 | ||
| 003 | Mx-PuUPA | ||
| 005 | 20260427132505.0 | ||
| 008 | 140415s1996 000 0 spa d | ||
| 020 | _a9786075746432 | ||
| 040 | _cMx-PuUPA | ||
| 041 | _aeng | ||
| 082 | 0 | 4 |
_axx _bxx _223 |
| 100 |
_aEl-Arifi, Saara _eautor |
||
| 245 |
_aFaebound / _cSaara El-Arifi |
||
| 250 |
_aPrimera edición / _bnoviembre |
||
| 264 | 1 |
_aCiudad de México : _bFaeris Editorial, _c2024 |
|
| 300 |
_a431 páginas ; _c22 cm |
||
| 700 | 1 |
_aZuil González, Cristina _etraductor |
|
| 942 |
_2ddc _cLI _hxx _ixx |
||
| 999 |
_c41147 _d41147 |
||